| 000 | 00942cab a2200337 4500 | ||
|---|---|---|---|
| 001 | ABS50609 | ||
| 008 | 090401t1994 xxu||||| |||| 00| 0 eng d | ||
| 035 | _a(Sirsi) u76650 | ||
| 041 | _aeng | ||
| 245 | _aCentrefolio: N Yorks & Humberside | ||
| 260 | _c1994 | ||
| 350 | _a0 | ||
| 490 |
_aProperty Week _v47(6) 12 May 1994, 35-59(12) |
||
| 650 | _aGRIMSBY | ||
| 650 | _aHARROGATE | ||
| 650 | _aHULL | ||
| 650 | _aHUMBER | ||
| 650 | _aHUMBERSIDE | ||
| 650 | _aINDUSTRIAL MARKET | ||
| 650 | _aLOCAL GOVERNMENT RESTRUCTURE | ||
| 650 | _aNORTH YORKSHIRE | ||
| 650 | _aPROPERTY-COMMERCIAL PROPERTY-OFFICE PROPERTY-OFFICE PROPERTY MARKET | ||
| 650 | _aPORTS | ||
| 650 | _aPROPERTY-COMMERCIAL PROPERTY-RETAIL PROPERTY-RETAIL PROPERTY MARKET | ||
| 650 | _aSCUNTHORPE | ||
| 650 | _aYORK | ||
| 650 | _aYORKSHIRE | ||
| 690 | _aPROPERTY-COMMERCIAL PROPERTY-COMMERCIAL PROPERTY MARKET | ||
| 942 | _n0 | ||
| 948 | _c04/03/1997 | ||
| 999 |
_c48165 _d48165 |
||